Call of Duty Black Ops Zombies Weapons - Statistics

General Stats
  • This quiz has been taken 23 times
  • The average score is 23 of 94
Answer Stats
Type Gun % Correct
Wonder Weapons Ray Gun
94%
Rifles WaW M1 Carbine
76%
Shotguns Olympia
71%
Assault Rifle M14
65%
Assault Rifle M16
65%
Submachine Gun MP40
65%
LMGs RPK
65%
Assault Rifle Commando
59%
Assault Rifle FAMAS
59%
Assault Rifle Galil
59%
Assault Rifle WaW STG-44
59%
Wonder Weapons Thundergun
59%
Wonder Weapons Wunderwaffe DG-2
59%
Assault Rifle AUG
53%
Sniper Rifles Dragunov
53%
Rifles WaW Kar 98k
53%
Shotguns M1897 Trench Gun
53%
Handguns M1911
53%
Submachine Gun AK74-U
47%
Knives Ballistic Knife
47%
Submachine Gun MP5k
47%
Rifles WaW Arisaka
41%
Assault Rifle WaW BAR
41%
Assault Rifle WaW FG42
41%
Submachine Gun PM63
41%
Submachine Gun Spectre
41%
Assault Rifle WaW Thompson
41%
Explosives China Lake
35%
Handguns CZ75
35%
Assault Rifle G11
35%
LMGs HK21
35%
Handguns Python
35%
Rifles WaW Springfield
35%
Handguns CZ75 Dual-Wield
29%
Assault Rifle FN FAL
29%
Rifles WaW Gewehr 43
29%
Sniper Rifles L96A1
29%
Rifles WaW M1 Garand
29%
Shotguns SPAS-12
29%
Shotguns Stakeout
29%
Assault Rifle WaW Type 100
29%
Wonder Weapons WaW Winter's Howl
29%
Explosives Crossbow
24%
Shotguns Double-Barreled Shotgun
24%
Shotguns HS-10
24%
Explosives M72 Law
24%
Shotguns Sawed-Off
24%
Wonder Weapons 31-79 JGb215
18%
Submachine Gun MPL
18%
Handguns Mustang and Sally
18%
Wonder Weapons V-R11
18%
Handguns Calamity
12%
Handguns Calamity and Jane
12%
Shotguns Hades
12%
Wonder Weapons Porter's X2 Ray Gun
12%
Assault Rifle Predator
12%
Assault Rifle Skullcrusher
12%
Submachine Gun AK74fu2
6%
Assault Rifle AUG-5OM3
6%
Explosives Awful Lawton
6%
Handguns Cobra
6%
Assault Rifle EPC WN
6%
Assault Rifle Lamentation
6%
LMGs R115 Resonator
6%
Shotguns SPAZ-24
6%
Shotguns Typhoid and Mary
6%
Wonder Weapons Wunderwaffe DG-3 JZ
6%
Wonder Weapons Zeus Cannon
6%
Assault Rifle WaW 1001 Samurais
0%
Shotguns 24 Bore Long Range
0%
Assault Rifle WaW 420 Impeller
0%
Rifles WaW Armageddon
0%
Explosives China Beach
0%
Sniper Rifles D115 Disassembler
0%
Rifles WaW G115 Compressor
0%
Assault Rifle G115 Generator
0%
Assault Rifle G16-GL35
0%
Assault Rifle WaW Gibs-O-Matic
0%
Shotguns Gut Shot
0%
LMGs H115 Oscillator
0%
Knives Krauss Refribrillator
0%
Sniper Rifles L115 Isolator
0%
Explosives M72 Anarchy
0%
Assault Rifle Mnesia
0%
Submachine Gun MP115 Kollider
0%
Submachine Gun MPL-LF
0%
Submachine Gun Phantom
0%
Shotguns Raid
0%
Assault Rifle WaW Spatz-447 +
0%
Submachine Gun The Afterburner
0%
Wonder Weapons The Fractalizer
0%
Submachine Gun Tokyo and Rose
0%
Wonder Weapons V-R11 Lazarus
0%
Rifles WaW Widdershins RC-1
0%
No matching quizzes found
Score Distribution
Percent of People with Each Score
Percentile by Number Answered
Your Score History
You have not taken this quiz